Một số vấn đề quản lý giáo dục mầm non
Một số vấn đề chung về quản lí, mục tiêu nguyên tắc và phương pháp quản lí trong giáo dục và giáo dục mầm non. Tính chất nhiệm vụ và tổ chức bộ máy trường mầm non
Na minha lista:
| Autor principal: | |
|---|---|
| Outros Autores: | |
| Formato: | Livro |
| Idioma: | Vietnamese |
| Publicado em: |
H.
Đại học Quốc gia Hà Nội
2006
|
| Edição: | In lần thứ 2 |
| Assuntos: | |
| Tags: |
Adicionar Tag
Sem tags, seja o primeiro a adicionar uma tag!
|
| Thư viện lưu trữ: | Mạng thư viện Đại học Đà Nẵng |
|---|
| LEADER | 01669aam a22004098a 4500 | ||
|---|---|---|---|
| 001 | 000006359 | ||
| 003 | 2514 | ||
| 005 | 20120524080556.0 | ||
| 008 | 110908s2006 viesd | ||
| 020 | |c 9000đ |d 2000b | ||
| 041 | |a vie | ||
| 082 | 1 | 4 | |2 14 |a 372.12 |b PH-C |
| 084 | |a U411.34 |b M458S | ||
| 100 | 1 | |a Phạm Thị Châu | |
| 245 | |a Một số vấn đề quản lý giáo dục mầm non |c Phạm Thị Châu, Trần Thị Sinh | ||
| 250 | |a In lần thứ 2 | ||
| 260 | |a H. |b Đại học Quốc gia Hà Nội |c 2006 | ||
| 300 | |a 88 tr. |c 21cm. | ||
| 500 | |a ĐTTS ghi: Bộ Giáo dục và Đào tạo. Trường cao đẳng Sư phạm Nhà trẻ - Mẫu giáo TW1 | ||
| 504 | |a Thư mục: tr. 87-88 | ||
| 520 | |a Một số vấn đề chung về quản lí, mục tiêu nguyên tắc và phương pháp quản lí trong giáo dục và giáo dục mầm non. Tính chất nhiệm vụ và tổ chức bộ máy trường mầm non | ||
| 650 | 7 | |2 Bộ TK TVQG |a Giáo dục | |
| 650 | 7 | |2 Bộ TK TVQG |a Quản lí | |
| 650 | 7 | |2 Bộ TK TVQG |a Mầm non | |
| 651 | 7 | |2 Bộ TK TVQG |a Phương pháp giáo dục | |
| 700 | 1 | |a Trần Thị Sinh | |
| 910 | |a Huỳnh Thị Cẩm Lai |d 08/09/2011 | ||
| OWN | |a LSP | ||
| AVA | |a UDN50 |b LSP |d 372.12 PH-C |e check_holdings |t Error 5003 Not defined in file expand_doc_bib_avail. |h N |k 1 | ||
| 999 | |a From the UDN01 | ||
| AVA | |a UDN50 |b LSP |d 372.12 PH-C |e available |t Error 5001 Not defined in file expand_doc_bib_avail. |f 47 |g 0 |h N |i 7 |k 1 | ||
| TYP | |a Monograph | ||
| TYP | |a Printed language | ||
| 980 | |a Mạng thư viện Đại học Đà Nẵng | ||